En las Bodas de Oro del Instituto de Ciencias, y en la inauguración de su nuevo edificio /
Gespeichert in:
| 1. Verfasser: | |
|---|---|
| Format: | Buch |
| Sprache: | Spanisch |
| Veröffentlicht: |
Guadalajara, México :
edición de autor,
1956
|
| Schlagworte: | |
| Tags: |
Keine Tags, Fügen Sie das erste Tag hinzu!
|
MARC
| LEADER | 00000nam^a2200000^a^4500 | ||
|---|---|---|---|
| 001 | 000566329 | ||
| 005 | 20250526000000.0 | ||
| 009 | 20260310132105.829 | ||
| 037 | |a Acervo ITESO - Biblioteca | ||
| 041 | |a ESP | ||
| 082 | |a 370. 972352 |b ACE | ||
| 100 | |a Acévez Araiza, Manuel |e (autor) | ||
| 240 | 1 | 1 | |a [En las Bodas de Oro del Instituto de Ciencias, y en la inauguración de su nuevo edificio] |
| 245 | 1 | 0 | |a En las Bodas de Oro del Instituto de Ciencias, y en la inauguración de su nuevo edificio / |c M. Acévez Araiza. |
| 264 | 1 | |a Guadalajara, México : |b edición de autor, |c 1956 | |
| 300 | |a 22 p. ; |c 21.5 cm. | ||
| 336 | |a texto |b txt |2 rdacontenido | ||
| 337 | |a sin mediación |b n |2 rdamedio | ||
| 338 | |a volumen |b nc |2 rdasoporte | ||
| 561 | |a Ex libris de Bibl. Iunioratus Dom. Prob. Sancti. Ioseph | ||
| 649 | |a XX | ||
| 650 | |a Jesuitas en Guadalajara, Jalisco - |x Historia - |y Siglo XX | ||
| 650 | |a Jesuitas en México - |x Historia - |y Siglo XX | ||
| 650 | |a Jesuitas en la Educación - |z Guadalajara, Jalisco - |x Historia - |y Siglo XX - |x Tema Principal | ||
| 650 | |a Jesuitas en la Educación - |z México - |x Historia | ||
| 650 | |a Instituto de Ciencias - |z Guadalajara, Jalisco - |x Historia - |x Tema Principal | ||
| 650 | |a Educación Religiosa - |z Guadalajara, Jalisco - |x Historia - |y Siglo XX | ||
| 650 | |a Educación Religiosa - |z México - |x Historia - |y Siglo XX | ||
| 650 | |a Educación Privada - |z Guadalajara, Jalisco - |x Historia - |y Siglo XX | ||
| 650 | |a Educación Privada - |z México - |x Historia - |y Siglo XX | ||
| 650 | |a Educación Media - |z Guadalajara, Jalisco - |x Historia - |y Siglo XX | ||
| 650 | |a Educación Media - |z México - |x Historia - |y Siglo XX | ||
| 650 | |a Guadalajara, Jalisco - |x Historia - |y Siglo XX | ||
| 650 | |a México - |x Historia - |y Siglo XX | ||
| 910 | |a Fondo Jesús Gómez Fregoso S.J. ITE | ||
| 920 | |a Impresos - Libros | ||
| 930 | |a Libros Antiguos y Raros | ||
| 905 | |a 138 | ||
| 901 | |a 0500400678 |b IT2 |c LRA |i D69150 |u 20250526 | ||
| 902 | |a https://opac.biblio.iteso.mx/vufind/Record/000566329 | ||